Statistics for the next step season 4

Click here to take the quiz!

General Stats

  • This quiz has been taken 6 times
  • The average score is 13 of 15

Answer Stats

HintAnswer% Correct
helps riley with getting A troupeemily
100%
lost riley after she kissed alfiejames
100%
got a back sugerynoah
100%
has an older brotherpiper
100%
is determined to be dance captainrichelle
100%
new studio headriley
100%
has a sister who was in A troupe beforeskylar
100%
latroys best friendsloane
100%
went to bangers and mash ups with eldon
and james
west
100%
had the choice to go to a touring companyamanda
80%
listens to peoples conversations with
headphones
henry
80%
taught michelle how to hip hop dancelatroy
80%
comes from switzerlandalfie
60%
got chosen as an alternatecassie
60%
was in all seasonsmichelle
60%

Score Distribution

Percentile by Number Answered

Percent of People with Each Score

Your Score History

You have not taken this quiz